Wonder

Bibliographic Details
Main Author: Palacio, RJ
Format: Book
Language:English
Published: USA : Alfred A. Knopf , 1998
Subjects:

MARC

LEADER 00000cam a2200000 7i4500
001 0000100856
005 20130718.0
008 130115 eng
020 |a 9780375899020 
090 0 0 |a LC PAL 
100 1 |a Palacio, RJ. 
245 1 0 |a Wonder   |c Louis Sachar, 
260 |a USA :   |b Alfred A. Knopf ,   |c 1998 
300 |a 313p. ;   |c 22cm. 
650 0 0 |a Fiction   |x English language 
999 |a 0000180787   |b Buku   |c Rak Terbuka   |e Perbadanan Perpustakaan Awam Melaka